<?xml version="1.0" encoding="UTF-8"?>
<record
    xmlns:xsi="http://www.w3.org/2001/XMLSchema-instance"
    xsi:schemaLocation="http://www.loc.gov/MARC21/slim http://www.loc.gov/standards/marcxml/schema/MARC21slim.xsd"
    xmlns="http://www.loc.gov/MARC21/slim">

  <leader>01016nam a22001817a 4500</leader>
  <controlfield tag="003">NUST</controlfield>
  <controlfield tag="005">20260120143003.0</controlfield>
  <datafield tag="082" ind1=" " ind2=" ">
    <subfield code="a">621.382,IBR</subfield>
  </datafield>
  <datafield tag="100" ind1=" " ind2=" ">
    <subfield code="a">Ibrahim</subfield>
    <subfield code="9">122723</subfield>
  </datafield>
  <datafield tag="245" ind1=" " ind2=" ">
    <subfield code="a">Development of AD-HOC voice network for rapid deployment /</subfield>
    <subfield code="c">Ibrahim, Sumair, Adeel, Bilal and Zahir (BETE-51)</subfield>
  </datafield>
  <datafield tag="260" ind1=" " ind2=" ">
    <subfield code="a">Rawalpindi</subfield>
    <subfield code="b">MCS (NUST)</subfield>
    <subfield code="c">2018</subfield>
  </datafield>
  <datafield tag="300" ind1=" " ind2=" ">
    <subfield code="a">v, 70p.;</subfield>
  </datafield>
  <datafield tag="505" ind1=" " ind2=" ">
    <subfield code="a">Introduction (Page-3), Overall Description (Page-8), External Interface Requirements (Page-14), System Features (Page-15), Other Nonfunctional Requirements (Page-26), Layout (Page-28), Use Case Descriptions (Page-31), Cals's Description (Page-34), User Interface (Page-40), Detailed Description of Components (Page-49), Design, Decisions, Reuse and Relationship to other Products (Page-59), Project test and Evaluation (Page-60), assumptions and Dependencies (Page-68), References (Page-69).</subfield>
  </datafield>
  <datafield tag="650" ind1=" " ind2=" ">
    <subfield code="a">UG Project</subfield>
    <subfield code="9">131132</subfield>
  </datafield>
  <datafield tag="651" ind1=" " ind2=" ">
    <subfield code="a">BETE-51</subfield>
    <subfield code="9">132836</subfield>
  </datafield>
  <datafield tag="700" ind1=" " ind2=" ">
    <subfield code="a">Supervised by Dr. Hasnat Khurshid</subfield>
    <subfield code="9">132581</subfield>
  </datafield>
  <datafield tag="942" ind1=" " ind2=" ">
    <subfield code="2">ddc</subfield>
    <subfield code="c">PR</subfield>
  </datafield>
  <datafield tag="999" ind1=" " ind2=" ">
    <subfield code="c">615869</subfield>
    <subfield code="d">615869</subfield>
  </datafield>
  <datafield tag="952" ind1=" " ind2=" ">
    <subfield code="0">0</subfield>
    <subfield code="1">0</subfield>
    <subfield code="2">ddc</subfield>
    <subfield code="4">0</subfield>
    <subfield code="7">0</subfield>
    <subfield code="a">MCS</subfield>
    <subfield code="b">MCS</subfield>
    <subfield code="c">REF</subfield>
    <subfield code="d">2026-01-20</subfield>
    <subfield code="l">0</subfield>
    <subfield code="o">621.382,IBR</subfield>
    <subfield code="p">MCSPTE-276</subfield>
    <subfield code="r">2026-01-20</subfield>
    <subfield code="w">2026-01-20</subfield>
    <subfield code="y">PR</subfield>
    <subfield code="z">almirah No.90, Shelf No.4</subfield>
  </datafield>
</record>
